|
|
|
|
| LEADER |
00000nab a2200000 a 4500 |
| 001 |
vtls000861153 |
| 003 |
SK-MaSNL |
| 005 |
20260304121824.0 |
| 008 |
250429c2003 xo 0 slo |
| 015 |
|
|
|a SNBRB2004/02-03523
|
| 035 |
|
|
|a CLN000212751
|
| 035 |
|
|
|a urn:nbn:sk:snk-abrrw
|
| 035 |
|
|
|a (urnnbn)urn:nbn:sk:snk:ar-a04eus
|
| 035 |
|
|
|a (uuid)84c31e73-7868-45fe-9123-ac95388fe7a9
|
| 040 |
|
|
|a SNKBUCL
|b slo
|c SNKBUCL
|e AACR2
|
| 041 |
0 |
|
|a slo
|
| 044 |
|
|
|a xo
|c SK
|
| 080 |
|
|
|a 631.445.3(437.6)
|2 1997
|
| 100 |
1 |
|
|a Bielek, Pavol,
|d 1946-
|4 aut
|9 188451
|
| 245 |
1 |
0 |
|a Hnedozem (HM)
|b pôdy Slovenska
|c Pavol Bielek
|
| 300 |
|
|
|b Obr., tab.
|
| 650 |
0 |
7 |
|a hnedozeme
|2 snkbucl
|9 20319
|
| 655 |
|
7 |
|a články z novín a časopisov
|2 snkbucl
|9 267496
|
| 773 |
0 |
|
|t Naše pole
|g Roč. 7, č. 10 (2003), s. 43
|x 1335-2466
|
| 850 |
|
|
|a Slovenská národná knižnica
|
| 852 |
|
|
|a Slovenská národná knižnica
|
| 954 |
|
|
|a odborná, vedecká literatúra pôvodná (slovenská)
|2 lita
|
| 958 |
|
|
|a article27
|
| 958 |
|
|
|a SK
|
| 958 |
|
|
|a OND
|
| 958 |
|
|
|a EUIPO
|
| 992 |
|
|
|a RBX
|
| 999 |
|
|
|c 2887203
|d 2889133
|